000 00301nam a22001337a 4500
008 170505b xxu||||| |||| 00| 0 eng d
020 _a9780521587921
041 _aeng
080 _a34
100 _a14
101 _aSHJ
245 _aMINORITY MAJORITY RIGHT RULE
_cBINDER.S.A
942 _2udc
_cBK
999 _c12839
_d12839